000 00465nam a2200181Ia 4500
001 4451
005 20260306145757.0
008 260306t2011||||xx |||||||||||||| ||spa||
041 _aESP
082 _a322.1098
_bS26
100 _aSaranyana, Josep-Ignasi
_eAUT
245 0 _aPolítica y religión en la independencia de la América hispana
260 _c2011
300 _a239 páginas :
_c21 cm.
650 _aGEN
654 _aCHU
942 _cLIB
_dJUS
_fJUS
_2ddc
_n
999 _c4451
_d4451